Normal view
MARC view
Entry Topical Term
001 - CONTROL NUMBER
- control field: 403
003 - CONTROL NUMBER IDENTIFIER
- control field: OSt
005 - DATE AND TIME OF LATEST TRANSACTION
- control field: 20150702173247.0
008 - FIXED-LENGTH DATA ELEMENTS
- fixed length control field: 150702|| aca||aabn | a|a d
040 ## - CATALOGING SOURCE
- Original cataloging agency: OSt
- Transcribing agency: OSt
150 ## - HEADING--TOPICAL TERM
- Topical term or geographic name entry element: G.K.
670 ## - SOURCE DATA FOUND
- Source citation: Work cat.: (OSt)47759: Katakwal, Renu Singh 402, Competitive Freedom Struggle Knowledge Bank, 2012









